Test your English idioms
750 thành ngữ tiếng Anh thông dụng và các bài tập đa dạng, có minh hoạ để sử dụng thành ngữ phong phú và hiệu quả trong tiếng Anh
Đã lưu trong:
| Hovedforfatter: | |
|---|---|
| Andre forfattere: | , |
| Format: | Bog |
| Sprog: | Vietnamese |
| Udgivet: |
London
Penguin English
1990
|
| Fag: | |
| Tags: |
Tilføj Tag
Ingen Tags, Vær først til at tagge denne postø!
|
| Thư viện lưu trữ: | Mạng thư viện Đại học Đà Nẵng |
|---|
| LEADER | 01465nam a2200373 4500 | ||
|---|---|---|---|
| 001 | 000024988 | ||
| 003 | 21479 | ||
| 005 | 20170418110432.0 | ||
| 008 | 170411s1990 viesd | ||
| 041 | 0 | |a vie | |
| 082 | 1 | 4 | |a 423.13 |b WA-P |
| 100 | 1 | |a Watcyn-Jones, Peter | |
| 245 | 1 | 0 | |a Test your English idioms |c Peter Watcyn-Jones ; Đặng Tuấn Anh ; Ross Thomson |
| 260 | |a London |b Penguin English |c 1990 | ||
| 300 | |a 163 tr. |b hình vẽ |c 21 cm. | ||
| 520 | 3 | |a 750 thành ngữ tiếng Anh thông dụng và các bài tập đa dạng, có minh hoạ để sử dụng thành ngữ phong phú và hiệu quả trong tiếng Anh | |
| 650 | 0 | 4 | |a English language |x For foreigners |x Idioms |
| 650 | 0 | 4 | |a Tiếng Anh |x Người Việt Nam |x Sách giáo khoa cho người nước ngoài |
| 650 | 0 | 4 | |a Tiếng Anh |x Thành ngữ |x Sách giáo khoa |
| 653 | |a Ngôn ngữ | ||
| 653 | |a Thành ngữ | ||
| 653 | |a Tiếng Anh | ||
| 700 | 1 | |a Đặng Tuấn Anh |e dịch | |
| 700 | 1 | |a Thomsom, Ross |e minh họa | |
| OWN | |a LSP | ||
| AVA | |a UDN50 |b LSP |d 423.13 WA-P |e available |t Error 5001 Not defined in file expand_doc_bib_avail. |f 1 |g 0 |h N |i 0 |k 1 | ||
| 999 | |a From the UDN01 | ||
| AVA | |a UDN50 |b LSP |d 423.13 WA-P |e available |t Error 5001 Not defined in file expand_doc_bib_avail. |f 1 |g 0 |h N |i 0 |k 1 | ||
| TYP | |a Monograph | ||
| TYP | |a Printed language | ||
| 980 | |a Mạng thư viện Đại học Đà Nẵng | ||